| 000 | 00383nam a2200145Ia 4500 | ||
|---|---|---|---|
| 008 | 210716s1993 xx 000 0 und d | ||
| 041 | _aeng | ||
| 082 | _a005.263WP HARG | ||
| 100 | _aHarvey, Greg. | ||
| 245 |
_aWordperfect for DOS for dummies: quick reference. _bQuick reference. |
||
| 250 | _a1 | ||
| 260 |
_aBangalore _bPustak mahal _c1993 |
||
| 300 | _aiv,170 | ||
| 650 | _aNone | ||
| 999 |
_c182884 _d182884 |
||